000 00837nam a2200253Ia 4500
008 191130s1995##################000#0#eng##
020 _a9780792396048
022 _a95030423
040 _aACL
_cACL
082 _a006.7 FUR
100 _aFurht, Borivoje
245 _aVideo and image processing in multimedia systems
_cby Borko Furht, Stephen W. Smoliar, HongJiang Zhang
260 _aThe Hague, London
_bKluwer Academic Publishers
_cc1995
300 _axii, 377 p. : ill. ; 25 cm
500 _aIncludes bibliographical references (p. 357-365) and index
650 _aImage processing - Digital techniques
650 _aMultimedia systems
650 _aVideo compression
700 _aSmoliar, Stephen W
700 _aZhang, HongJiang
990 _ad62459bdac10000c577ee815883210ac
991 _a118033
999 _c88954
_d88954